| 000 | 00442cam a2200181ua 4500 | ||
|---|---|---|---|
| 020 | _c3.00 | ||
| 041 |
_ahin _h |
||
| 082 |
_a891.54 _bFRA/BE |
||
| 100 | _aFranklin, Benjamin . | ||
| 245 |
_aBenjamin Franklin: Athmakatha / _cBenjamin Franklin. _hTextual Documents |
||
| 260 |
_a : _bRajpal and Sanch , _c1958. |
||
| 300 | _a237 ; . | ||
| 365 | _a3.00 | ||
| 504 | _a | ||
| 942 | _cBK | ||
| 999 |
_c6470 _d6470 |
||